17th Suspect / (Record no. 492707)
[ view plain ]
| 000 -LEADER | |
|---|---|
| fixed length control field | 01083nam a22002177a 4500 |
| 003 - CONTROL NUMBER IDENTIFIER | |
| control field | OSt |
| 005 - DATE AND TIME OF LATEST TRANSACTION | |
| control field | 20260512111531.0 |
| 008 - FIXED-LENGTH DATA ELEMENTS--GENERAL INFORMATION | |
| fixed length control field | 260512b |||||||| |||| 00| 0 eng d |
| 020 ## - INTERNATIONAL STANDARD BOOK NUMBER | |
| International Standard Book Number | 9781784753696 |
| 040 ## - CATALOGING SOURCE | |
| Original cataloging agency | Kenya National Library Service |
| 082 ## - DEWEY DECIMAL CLASSIFICATION NUMBER | |
| Classification number | 813.6 PAT |
| 100 ## - MAIN ENTRY--PERSONAL NAME | |
| Personal name | Patterson, James |
| 245 ## - TITLE STATEMENT | |
| Title | 17th Suspect / |
| Statement of responsibility, etc. | James Patterson and Maxine Paetro. |
| 300 ## - PHYSICAL DESCRIPTION | |
| Extent | 348 pages ; |
| Dimensions | 20 cm |
| 520 ## - SUMMARY, ETC. | |
| Summary, etc. | Lindsay Boxer investigates a series of seemingly random murders in San Francisco. At the same time, a scandal threatens her career when a police shooting involving her partner comes under scrutiny. As the body count rises, Lindsay and the Women’s Murder Club uncover links between the victims and realize the killer is targeting people connected by hidden secrets from the past. The investigation becomes more dangerous as the murderer stays one step ahead of the police. |
| 650 ## - SUBJECT ADDED ENTRY--TOPICAL TERM | |
| Topical term or geographic name entry element | Women detectives -- Fiction |
| 650 ## - SUBJECT ADDED ENTRY--TOPICAL TERM | |
| Topical term or geographic name entry element | Murder -- Investigation -- Fiction |
| 942 ## - ADDED ENTRY ELEMENTS (KOHA) | |
| Source of classification or shelving scheme | Dewey Decimal Classification |
| Koha item type | Books |
| Suppress in OPAC | No |
| Withdrawn status | Source of classification or shelving scheme | Damaged status | Not for loan | Home library | Current library | Date acquired | Source of acquisition | Cost, normal purchase price | Total checkouts | Full call number | Barcode | Date last seen | Price effective from | Koha item type |
|---|---|---|---|---|---|---|---|---|---|---|---|---|---|---|
| Dewey Decimal Classification | Buru Buru Library | Acquisition, Cataloguing, Classification and Distribution Development | 05/12/2026 | BAI | 1249.00 | 813.6 PAT | B232389 | 05/12/2026 | 05/12/2026 | Books |
